=LDR 00000nam 2200000 4500 =001 INLIS000000000032590 =005 20130612134606 =008 ***********************************ind** =035 ##$$0010-061300000032590 =041 ##$$a ind =082 ##$$a F Rom D =090 ##$$a F Rom D, Chr,m =100 ##$$a Chrisma,Vanny =245 ##$$a Madah CINTA Shalihah, Sebuah Novel Religius Perindu Tuhan, Vanny Chrisma =260 ##$$a 2008 $b Yogyakarta =300 ##$$a 264 hlm., 21cm =650 ##$$a Fiksi Indonesia =850 ##$$a NBPNMAT